Biodiversity conservation in changing climate / (Record no. 140637)
[ view plain ]
| 000 -LEADER | |
|---|---|
| fixed length control field | 00773nam a22002417a 4500 |
| 005 - DATE AND TIME OF LATEST TRANSACTION | |
| control field | 20170531161009.0 |
| 010 ## - LCCN (DPL NO) | |
| LC control number | ENG-118487 |
| 020 ## - INTERNATIONAL STANDARD BOOK NUMBER | |
| International Standard Book Number | 9789385995033 |
| Terms of availability | 2595.00 |
| 035 ## - SYSTEM CONTROL NUMBER | |
| System control number | EN-102019 |
| 037 ## - SOURCE OF ACQUISITION | |
| Source of stock number/acquisition | DBAD/PUB |
| 082 ## - DEWEY DECIMAL CLASSIFICATION NUMBER | |
| Classification number | 333.95160954 |
| 245 ## - TITLE STATEMENT | |
| Title | Biodiversity conservation in changing climate / |
| Statement of responsibility, etc | edited by M.M. Abid Ali Khan...[et...al] |
| 260 ## - PUBLICATION, DISTRIBUTION, ETC. (IMPRINT) | |
| Place of publication, distribution, etc | Ghaziabad |
| Name of publisher, distributor, etc | Lenin Media |
| Date of publication, distribution, etc | 2016 |
| 270 ## - ADDRESS | |
| Address | RTB-157-158, Royale Tower Shipra Sun City Ghaziabad-201010 |
| 300 ## - PHYSICAL DESCRIPTION | |
| Extent | 467p : |
| Dimensions | 23cm.(Hb) |
| Other physical details | ill. |
| 500 ## - GENERAL NOTE | |
| General note | Includes references |
| 700 ## - ADDED ENTRY--PERSONAL NAME | |
| Personal name | M.M. Abid Ali Khan |
| 700 ## - ADDED ENTRY--PERSONAL NAME | |
| Personal name | Murtaza Abid |
| 700 ## - ADDED ENTRY--PERSONAL NAME | |
| Personal name | Abdeen Mustafa Omer |
| 700 ## - ADDED ENTRY--PERSONAL NAME | |
| Personal name | S. Nazeer Haider Zaidi |
| 700 ## - ADDED ENTRY--PERSONAL NAME | |
| Personal name | Maheshwari,Raaz K. |
| 942 ## - ADDED ENTRY ELEMENTS (KOHA) | |
| Source of classification or shelving scheme | Dewey Decimal Classification |
| Item type | English Books |
| Classification part | 333.95160954 |
| Call number suffix | BIO |
| Withdrawn status | Lost status | Not for loan | Collection code | Home library | Current library | Date acquired | Source of acquisition | Cost, normal purchase price | Full call number | Barcode | Copy number | Cost, replacement price | Koha item type |
|---|---|---|---|---|---|---|---|---|---|---|---|---|---|
| Not For Loan | Non-fiction | D.B.Act.Division | Bawana | 31/05/2017 | DBAD/PUB. | 2595.00 | 333.95160954 BIO | EN-102019 | 1 | 2595.00 | English Books |
